000 00569nam a2200157 4500
008 170331b xxu||||| |||| 00| 0 eng d
022 _a01153544
082 _aDPer 338.05 En86 Apr-Jul 2015 v. 15, n. 158-161
100 _919700
_aDyquiangco, Excel V.
245 _aCompany EQ:
_bemployee well-being comes first, productivity follows/
_cExcel V. Dyquiangco.
260 _aPhilippines:
_bSummit Media,
_cApr-Jul 2015.
300 _av15 n161, page 47:
_billustrations,
_c28 cm.
500 _aEntrepreneur.
650 0 _919701
_aPersonnel management
942 _2ddc
_cPER
999 _c6514
_d6514